Managerial Economics Analysis, Problems & Cases (Record no. 3409)

MARC details
005 - DATE AND TIME OF LATEST TRANSACTION
control field 20250607102051.0
020 ## - INTERNATIONAL STANDARD BOOK NUMBER
International Standard Book Number 978-93-5161-059-5
082 ## - DEWEY DECIMAL CLASSIFICATION NUMBER
Classification number 330.024 MEH
100 ## - MAIN ENTRY--PERSONAL NAME
Author name MEHTA, P. L.
245 ## - TITLE STATEMENT
Title Managerial Economics Analysis, Problems & Cases
260 ## - PUBLICATION, DISTRIBUTION, ETC.
Place of publication, distribution, etc. New Delhi,
Name of publisher, distributor, etc. Sultan Chand & Sons,
Date of publication, distribution, etc. 2024.
300 ## - PHYSICAL DESCRIPTION
Extent xx, 820p.: ill.; table,
Other physical details References,
Dimensions 24cm.
942 ## - ADDED ENTRY ELEMENTS (KOHA)
Source of classification or shelving scheme Dewey Decimal Classification
Koha item type Books
Holdings
Date last seen Total checkouts Full call number Barcode Cost, replacement price Price effective from Koha item type Lost status Source of classification or shelving scheme Damaged status Not for loan Withdrawn status Home library Current library Shelving location Date acquired Cost, normal purchase price
06/07/2025   330.024 MEH 00000011476 119190.00 06/07/2025 Books   Dewey Decimal Classification       College of Business Education Main Library College of Business Education Main Library Special Reserve Collection 09/17/2024 39730.00
06/07/2025   330.024 MEH 00000011477 119190.00 06/07/2025 Books   Dewey Decimal Classification       College of Business Education Main Library College of Business Education Main Library General Collection 09/17/2024 39730.00
06/07/2025   330.024 MEH 00000011478 119190.00 06/07/2025 Books   Dewey Decimal Classification       College of Business Education Main Library College of Business Education Main Library General Collection 09/17/2024 39730.00
06/07/2025   330.024 MEH 00000011479 119190.00 06/07/2025 Books   Dewey Decimal Classification       College of Business Education Main Library College of Business Education Main Library General Collection 09/17/2024 39730.00
06/07/2025   330.024 MEH 00000011480 119190.00 06/07/2025 Books   Dewey Decimal Classification       College of Business Education Main Library College of Business Education Main Library General Collection 09/17/2024 39730.00